|
|
|
|
| LEADER |
00000ny a22000003n 4500 |
| 005 |
20110511144618.0 |
| 008 |
050425c1940 cn gr 0 b|mul d |
| 022 |
|
|
|a 0005-7983
|
| 035 |
|
|
|a 3078
|
| 040 |
|
|
|a UZ.DER
|d vLex
|
| 080 |
|
|
|a 327
|
| 090 |
|
|
|c 1706
|d 1706
|
| 245 |
0 |
0 |
|a Behind the headlines
|h [Recurso electrn̤ico]
|c Canadian Institute of International Affairs
|
| 256 |
|
|
|a Servicio en ln̕ea
|
| 260 |
|
|
|a Toronto :
|b Canadian Institute of International Affairs
|
| 310 |
|
|
|a Irregular
|
| 506 |
1 |
|
|a Contenido solo disponible en los productos indicados
|d vLex Global
|d vLex Global (Academic Edition, excluding Law Schools)
|d vLex Global (Academic Edition, Law Schools)
|
| 651 |
|
4 |
|a Canad ̀
|x Relaciones exteriores
|x Publicaciones perid̤icas
|
| 740 |
0 |
|
|a vLex Revista (Servicios en ln̕ea)
|
| 843 |
|
|
|a Electrn̤ica. Cerrada.
|
| 853 |
|
|
|8 1
|i (year)
|j (month)
|k (day)
|
| 856 |
4 |
0 |
|z Acceso restringido
|u http://vlex.com/account/login_ip?fuente_id=3078
|
| 942 |
|
|
|c REV
|
| 999 |
|
4 |
|a Canad-̀
|v Publicaciones perid̤icas
|